000 00527pab a2200181 454500
008 180718b2010 xxu||||| |||| 00| 0 eng d
100 _aShafiq, M. Najeeb
245 _aEducational attainment and attitudes towards war in Muslim countries contemplating war: The cases of Jordan, Lebanon, Pakistan, and Turkey
260 _c2010
300 _ap.1424-1441.
362 _aSep
650 _aWar
650 _aEducation
700 _aRoss, Karen
773 _aJournal of Development Studies
908 _aN
909 _a89851
999 _c89851
_d89851